Jurm -e zareefi (Record no. 330469)

000 -LEADER
fixed length control field 00599nam a22001817a 4500
003 - CONTROL NUMBER IDENTIFIER
control field NUST
005 - DATE AND TIME OF LATEST TRANSACTION
control field 20170719095002.0
008 - FIXED-LENGTH DATA ELEMENTS--GENERAL INFORMATION
fixed length control field 160113b xxu||||| |||| 00| 0 eng d
040 ## - CATALOGING SOURCE
Transcribing agency NUST
082 ## - DEWEY DECIMAL CLASSIFICATION NUMBER
Classification number 891.4397
Author Mark QAS
100 ## - MAIN ENTRY--PERSONAL NAME
9 (RLIN) 16016
Personal name Qasmi, Atta ul Haq
245 ## - TITLE STATEMENT
Title Jurm -e zareefi
Statement of responsibility, etc. Atta ul Haq Qasmi
260 ## - PUBLICATION, DISTRIBUTION, ETC.
Place of publication, distribution, etc. Lahore:
Name of publisher, distributor, etc. Goora Publications;
Date of publication, distribution, etc. 1994.
300 ## - PHYSICAL DESCRIPTION
Extent 400 p.
546 ## - LANGUAGE NOTE
Language note In urdu
650 ## - SUBJECT ADDED ENTRY--TOPICAL TERM
9 (RLIN) 16017
Topical term or geographic name entry element Urdu Adab
General subdivision General
880 ## - ALTERNATE GRAPHIC REPRESENTATION
Linkage 100-01\(3\r
Title عطاء الحق قاسمی
880 ## - ALTERNATE GRAPHIC REPRESENTATION
Linkage 245-02\(3\r
Title جرم ظریفی
c عطاء الحق قاسمی
880 ## - ALTERNATE GRAPHIC REPRESENTATION
Linkage 260-03\(3\r
Title لاہور:
b نستعلیق مطبوعات
c 2012
942 ## - ADDED ENTRY ELEMENTS (KOHA)
Source of classification or shelving scheme
Koha item type Book
Holdings
Withdrawn status Lost status Source of classification or shelving scheme Damaged status Not for loan Permanent Location Current Location Shelving location Date acquired Total Checkouts Full call number Barcode Date last seen Date last checked out Copy number Price effective from Koha item type
          Central Library (CL) Central Library (CL) Fiction 07/17/2017 2 891.4397 QAS CL2966 11/06/2020 09/18/2020 1 07/17/2017 Book
© 2023 Central Library, National University of Sciences and Technology. All Rights Reserved.